| 000 | 00535nam a2200229 a 4500 | ||
|---|---|---|---|
| 001 | nice12345678 | ||
| 003 | IN_TiNIC | ||
| 005 | 20260116015247.0 | ||
| 008 | 050524s1991 teha grp 000 0 eng | ||
| 020 |
_a _c100 |
||
| 082 | 0 | 0 |
_a297.82 _bSHA |
| 100 | _aShariati, Ali | ||
| 245 | _aAwaiting the Religion of Protest | ||
| 260 |
_aTehran _bSohof Pub _c1991 |
||
| 300 | _a57p | ||
| 500 | _aincludes index and biblioraphy | ||
| 505 | 2 | _aIndex | |
| 700 | 1 | _aShariati, Ali | |
| 902 | _bSRS | ||
| 942 | _cBK | ||
| 999 |
_c18963 _d18963 |
||